| 000 | 00493nam a22001697a 4500 | ||
|---|---|---|---|
| 005 | 20251108164238.0 | ||
| 008 | 250721s1987 xx 000 0 ara d | ||
| 082 | 1 | 4 | _a621.32/هان |
| 100 | 1 | _aعبيد، هاني | |
| 245 | 1 | 0 |
_aنظم الإنارة الإصطناعية : _bتخطيط و تصميم / |
| 264 | 1 |
_aعمان : _bالمؤلف، _c1987. |
|
| 300 | _a308ص | ||
| 650 | 1 | 7 | _aالهندسة الكهربائية |
| 650 | 1 | 7 | _aالإضاءة |
| 942 |
_2ddc _cBK |
||
| 999 |
_c7356 _d7356 |
||